000 00228nam a22000857a 4500
008 160706b xxu||||| |||| 00| 0 eng d
100 _92355
_a Haloi, G
245 _aFrogs and a Snake
260 _aNew Delhi
_b National Book Trust
_c1995
999 _c2032
_d2032